|
|
|
|
| LEADER |
00000cas a2200000 a 4500 |
| 001 |
vtls008319550 |
| 003 |
SK-MaSNL |
| 005 |
20260228155830.0 |
| 008 |
181128d19631963xo uu| 000 b0slo |
| 015 |
|
|
|a SKSNBA1964/02-00342
|
| 022 |
|
|
|a 0554-6850
|
| 035 |
|
|
|a SK01SNK19640011767
|
| 035 |
|
|
|a SKM000014230
|
| 040 |
|
|
|a SNK
|b slo
|c SNK
|e AACR2
|
| 041 |
0 |
|
|a slo
|b eng
|b ger
|b rus
|
| 044 |
|
|
|a xo
|c SK
|
| 072 |
|
7 |
|a 633
|x Rastlinná výroba
|2 konspekt
|
| 080 |
|
|
|a 631.52
|2 2001
|
| 080 |
|
|
|a 050
|2 2001
|
| 080 |
|
|
|a 633
|2 2001
|
| 210 |
0 |
|
|a Ved. pr. Výsk. úst. lúk pasienkov Poprade
|
| 222 |
|
0 |
|a Sborník vedeckých prác Výskumného ústavu lúk a pasienkov v Poprade
|
| 245 |
0 |
0 |
|a Sborník vedeckých prác Výskumného ústavu lúk a pasienkov v Poprade
|
| 260 |
|
|
|a Bratislava
|b Slovenské vydavateľstvo pôdohospodárskej literatúry
|a Poprad
|b Výskumný ústav lúk a pasienkov
|c 1963-1963
|
| 300 |
|
|
|a 1 zv.
|c 23 cm
|
| 310 |
|
|
|a Periodicita nie je známa
|
| 362 |
0 |
|
|a Roč. 1 (1963)
|
| 500 |
|
|
|a Zodp. red.: Oľga Rosinská
|
| 500 |
|
|
|a Vyd. uvedeny v tiráži: Ústav vedeckotechnických informácií MZLVH
|
| 504 |
|
|
|a Bibliogr. odkazy
|
| 546 |
|
|
|a Rus., nem. a angl. resumé
|
| 650 |
0 |
7 |
|a rastlinná výroba
|2 SNKPH
|9 2835
|
| 650 |
0 |
7 |
|a vedecké práce
|2 SNKPH
|9 62155
|
| 650 |
0 |
7 |
|a šľachtenie rastlín
|2 SNKPH
|9 3635
|
| 655 |
|
7 |
|a zborníky
|2 SNKPH
|9 70165
|
| 700 |
1 |
|
|a Rosinská, Oľga
|4 lso
|9 265404
|
| 710 |
2 |
|
|a Výskumný ústav lúk a pasienkov (Poprad, Slovensko)
|4 pbl
|9 55025
|
| 785 |
0 |
0 |
|t Vedecké práce Výskumného ústavu lúk a pasienkov v Banskej Bystrici
|w vtls008333945
|
| 910 |
|
|
|a snk
|
| 916 |
|
|
|a 1963
|
| 958 |
|
|
|a NB
|
| 999 |
|
|
|c 696
|d 696
|
| 952 |
|
|
|0 0
|1 0
|4 0
|7 0
|a SNK
|b SNK
|d 2015-05-11
|f 1
|i snkKSP 425/64
|l 0
|o snkČSC 1078/1/1963
|p 17A0813639
|r 2026-02-21 21:33:48
|w 2026-02-21
|y PREZ
|